[Event "Euro Online U2300 Day 1"]
[Site "chess.com INT"]
[Date "2020.05.25"]
[Round "3"]
[White "Green, Golan"]
[Black "Eminov, Orkhan"]
[Result "0-1"]
[BlackTitle "FM"]
[WhiteElo "2211"]
[BlackElo "2327"]
[WhiteFideId "2803984"]
[BlackFideId "13402153"]
[EventDate "2020.05.25"]

1. c4 e5 2. Nc3 Nc6 3. Nf3 g6 4. d4 exd4 5. Nxd4 Bg7 6. Nxc6 bxc6 7. g3 Ne7 8.
Bg2 O-O 9. O-O a5 10. Bg5 h6 11. Bf4 Kh7 12. Qd2 d6 13. Rfd1 Be6 14. b3 a4 15.
Be3 axb3 16. axb3 Rxa1 17. Rxa1 Qb8 18. Rb1 Bf5 19. Rb2 c5 20. h3 Qb4 21. Nd5
Nxd5 22. Bxd5 Bxb2 23. Qxb2 Be6 24. Qf6 Bxd5 25. cxd5 Qe4 26. Bd2 Qxd5 27. Bc3
Rg8 28. Qe7 Qxb3 29. Qf6 Qe6 30. Qf3 d5 31. h4 d4 32. Bd2 Qf5 33. Qc6 Rb8 34.
Bf4 Rb1+ 35. Kg2 Qe6 36. Qxc7 Qe4+ 37. f3 Qxe2+ 38. Kh3 Rh1+ 0-1

[Event "Euro Online U2300 Day 1"]
[Site "chess.com INT"]
[Date "2020.05.25"]
[Round "3"]
[White "Pantovic, Dragan M"]
[Black "Stamos, Filippos"]
[Result "1/2-1/2"]
[WhiteElo "2051"]
[BlackElo "2152"]
[WhiteFideId "915211"]
[BlackFideId "4242807"]
[EventDate "2020.05.25"]

1. d4 Nf6 2. c4 e6 3. Nc3 Bb4 4. f3 d5 5. a3 Bxc3+ 6. bxc3 c5 7. cxd5 Nxd5 8.
dxc5 f5 9. e4 fxe4 10. Qa4+ Nd7 11. fxe4 Nxc3 12. Qc4 Qh4+ 13. g3 Qxe4+ 14. Qxe4
Nxe4 15. c6 bxc6 16. Bg2 Ndf6 17. Bb2 Kf7 18. Bxf6 Nxf6 19. Bxc6 Rb8 20. Nf3 Bb7
21. Ne5+ Ke7 22. O-O Kd6 23. Bxb7 Kxe5 24. Bg2 Kd6 25. Rfd1+ Ke7 26. Rac1 Rhc8
27. Bh3 Rxc1 28. Rxc1 Kd6 29. Re1 e5 30. Rd1+ Kc5 31. Rc1+ Kd6 32. Rd1+ Ke7 33.
Rc1 Kd6 34. Rd1+ 1/2-1/2

[Event "Euro Online U2300 Day 1"]
[Site "chess.com INT"]
[Date "2020.05.25"]
[Round "3"]
[White "Zhukov, Anton"]
[Black "Hadzimanolis, Antonios"]
[Result "0-1"]
[WhiteTitle "FM"]
[BlackTitle "FM"]
[WhiteElo "2223"]
[BlackElo "2214"]
[WhiteFideId "34187534"]
[BlackFideId "4202813"]
[EventDate "2020.05.25"]

1. d4 Nf6 2. c4 c5 3. d5 b5 4. Qc2 Na6 5. a3 Qa5+ 6. Bd2 Nb4 7. Qb3 bxc4 8. Qxc4
Ba6 9. Qb3 Ne4 10. Nf3 Rb8 11. Qd1 Nxd2 12. Nfxd2 Nxd5 13. e4 Nf4 14. Qf3 e5 15.
g3 Ne6 16. Bxa6 Qxa6 17. Nb3 c4 0-1

[Event "Euro Online U2300 Day 1"]
[Site "chess.com INT"]
[Date "2020.05.25"]
[Round "3"]
[White "Acs, Gabor"]
[Black "Puzyrevsky, Semen"]
[Result "1-0"]
[WhiteElo "1977"]
[BlackElo "1667"]
[WhiteFideId "719536"]
[BlackFideId "24240931"]
[EventDate "2020.05.25"]

1. e4 c6 2. d4 d5 3. exd5 cxd5 4. c4 Nf6 5. Nc3 e6 6. Nf3 Be7 7. a3 O-O 8. c5 b6
9. b4 Ne4 10. Bb2 a5 11. Bd3 f5 12. O-O axb4 13. axb4 bxc5 14. Rxa8 Nc6 15. Ba6
Qd7 16. Bxc8 Rxc8 17. Rxc8+ Qxc8 18. bxc5 Bf6 19. Nb5 Qb8 20. Qa4 g5 21. Ra1 g4
22. Ne1 Qf4 23. Qa8+ Nd8 24. Nd3 Qd2 25. c6 g3 26. hxg3 Nxg3 27. fxg3 Qxd3 28.
Qa3 Qxb5 29. c7 Qc4 30. Qc3 Nc6 31. Qxc4 dxc4 32. c8=Q+ 1-0

[Event "Euro Online U2300 Day 1"]
[Site "chess.com INT"]
[Date "2020.05.25"]
[Round "3"]
[White "Malovanyi, Yulian"]
[Black "Jovancevic, Jovan"]
[Result "0-1"]
[WhiteTitle "FM"]
[WhiteElo "2311"]
[BlackElo "2117"]
[WhiteFideId "14171198"]
[BlackFideId "900702"]
[EventDate "2020.05.25"]

1. e4 c5 2. Nc3 d6 3. Nge2 Nf6 4. g3 g6 5. Bg2 Bg7 6. O-O O-O 7. d3 Nc6 8. f4
Rb8 9. h3 Nd7 10. a4 a6 11. g4 b5 12. axb5 axb5 13. Ng3 b4 14. Nce2 Nd4 15. f5
Ne5 16. Nf4 e6 17. Nfe2 Nxe2+ 18. Qxe2 Qh4 19. Qe3 Nxg4 20. hxg4 Bd4 21. Qxd4
cxd4 22. Ne2 Qxg4 23. Nxd4 exf5 24. Be3 fxe4 25. dxe4 Bb7 26. Rf4 Qd7 27. Raf1
Rbc8 28. Kh2 Qe7 29. Bh3 f5 30. Bg1 Bxe4 31. Re1 Qe5 32. Ne6 Rfe8 33. Rxe4 Rxc2+
34. Kg3 fxe4 35. Bd4 Qd5 36. Ng7 Qxd4 37. Nxe8 Qg1+ 38. Kh4 g5+ 0-1

[Event "Euro Online U2300 Day 1"]
[Site "chess.com INT"]
[Date "2020.05.25"]
[Round "3"]
[White "Svitojus, Zygimantas"]
[Black "Korbal, Arkadiusz"]
[Result "0-1"]
[WhiteElo "2033"]
[BlackElo "2113"]
[WhiteFideId "12805777"]
[BlackFideId "1133837"]
[EventDate "2020.05.25"]

1. d4 g6 2. e4 Bg7 3. Be3 c5 4. c3 cxd4 5. cxd4 d5 6. e5 Nc6 7. Nc3 a6 8. h3 e6
9. a3 f6 10. exf6 Nxf6 11. Nf3 O-O 12. Bd3 Bd7 13. O-O Nh5 14. Qd2 Rxf3 15. gxf3
Qh4 16. f4 Bxd4 17. Ne2 Bg7 18. Kg2 d4 19. Be4 Rd8 20. Nxd4 Nxd4 21. Bxd4 Nxf4+
22. Kf3 Qxh3+ 23. Kxf4 Bh6+ 24. Ke5 Bxd2 25. Bxb7 Qf5+ 26. Kd6 Bb5+ 27. Kc7 Rxd4 0-1

[Event "Euro Online U2300 Day 1"]
[Site "chess.com INT"]
[Date "2020.05.25"]
[Round "3"]
[White "Khachatryan, Veronika"]
[Black "Kormos, Adam"]
[Result "1-0"]
[WhiteElo "1869"]
[BlackElo "2279"]
[WhiteFideId "13310852"]
[BlackFideId "730483"]
[EventDate "2020.05.25"]

1. Nf3 Nf6 2. g3 g6 3. Bg2 Bg7 4. O-O O-O 5. c4 d5 6. cxd5 Nxd5 7. Nc3 Nb6 8. d3
Nc6 9. Be3 e5 10. Rc1 Nd4 11. Bd2 Bg4 12. Nxd4 exd4 13. Ne4 c6 14. h3 Be6 15.
Bb4 Bxa2 16. Bxf8 Qxf8 17. Nc5 Rb8 18. b3 a5 19. Qc2 Bh6 20. f4 Nd5 21. Bxd5
cxd5 22. Nd7 Qe7 23. Nxb8 Qe3+ 24. Kg2 Bxb3 25. Qxb3 Qxe2+ 26. Rf2 1-0

[Event "Euro Online U2300 Day 1"]
[Site "chess.com INT"]
[Date "2020.05.25"]
[Round "3"]
[White "Guliev, Sarhan"]
[Black "Mammadov, Sadig"]
[Result "0-1"]
[WhiteTitle "GM"]
[BlackTitle "FM"]
[WhiteElo "2308"]
[BlackElo "2237"]
[WhiteFideId "13400231"]
[BlackFideId "13408712"]
[EventDate "2020.05.25"]

1. d4 Nf6 2. c4 g6 3. Nc3 Bg7 4. g3 d6 5. Bg2 c6 6. Nf3 O-O 7. O-O Nbd7 8. e4 e5
9. Re1 exd4 10. Nxd4 Re8 11. h3 Qb6 12. Na4 Qc7 13. Bf4 Ne5 14. Rc1 Nfd7 15. b4
Nb6 16. Nxb6 axb6 17. Qd2 Be6 18. Nxe6 Rxe6 19. Red1 Ra3 20. c5 Nd3 21. Bxd6 Qd8
22. Rc2 Bd4 23. Qxd3 Rxd3 24. Rxd3 bxc5 25. bxc5 Bxc5 26. Rxc5 Rxd6 27. Rf3 Rf6
28. Rxf6 Qxf6 29. e5 Qd8 30. Rc1 Qa5 31. f4 Qxa2 32. Kh2 Qb3 33. h4 h5 34. Re1
c5 35. e6 fxe6 36. Re5 b6 37. Bh3 Kf7 0-1

[Event "Euro Online U2300 Day 1"]
[Site "chess.com INT"]
[Date "2020.05.25"]
[Round "3"]
[White "Shishkov, Minko"]
[Black "Mica, Marek"]
[Result "0-1"]
[BlackTitle "FM"]
[WhiteElo "2268"]
[BlackElo "2324"]
[WhiteFideId "2904624"]
[BlackFideId "382884"]
[EventDate "2020.05.25"]

1. c4 Nf6 2. Nc3 e6 3. e4 d5 4. e5 d4 5. exf6 dxc3 6. bxc3 gxf6 7. Nf3 Bg7 8. d4
c5 9. Be3 Qa5 10. Qd2 Nd7 11. Be2 f5 12. O-O cxd4 13. cxd4 Qxd2 14. Bxd2 b6 15.
Rac1 Bb7 16. Bb4 Rc8 17. Rfd1 Bf8 18. a3 a5 19. Bxf8 Kxf8 20. Ne5 Nxe5 21. dxe5
Ke7 22. Rb1 Ba6 23. Rxb6 Bxc4 24. Bxc4 Rxc4 25. Rb7+ Kf8 26. g3 Kg7 27. Rdd7 Rf8
28. Rd6 Kg6 29. Rdd7 Ra4 30. Rb3 Rc8 31. Rbb7 Rf8 32. Rb3 h5 33. f4 h4 34. Kg2
Rc8 35. Rbb7 Rf8 36. Rb3 hxg3 37. hxg3 Rc8 38. Rbb7 Rxa3 39. Rxf7 Ra2+ 0-1

[Event "Euro Online U2300 Day 1"]
[Site "chess.com INT"]
[Date "2020.05.25"]
[Round "3"]
[White "Bykhovsky, Avigdor"]
[Black "Kanyamarala, Trisha"]
[Result "1-0"]
[WhiteTitle "GM"]
[BlackTitle "WIM"]
[WhiteElo "2405"]
[BlackElo "2193"]
[WhiteFideId "4101057"]
[BlackFideId "45004722"]
[EventDate "2020.05.25"]

1. d4 Nf6 2. c4 e6 3. Nf3 d5 4. g3 dxc4 5. Bg2 Nc6 6. O-O a6 7. e3 Rb8 8. b3
cxb3 9. axb3 Be7 10. Na3 O-O 11. Nc4 Nd5 12. Bd2 b5 13. Na5 Nxa5 14. Bxa5 Bb4
15. Ne5 Bxa5 16. Nc6 Qd6 17. Nxb8 Bb4 18. Qc2 c5 19. Nxa6 Bxa6 20. dxc5 Bxc5 21.
Rxa6 Qxa6 22. Qxc5 Rc8 23. Qd4 Nf6 24. h3 h6 25. Ra1 e5 26. Qxe5 Qb6 27. Bf1 Rc5
28. Ra8+ Kh7 29. Qb8 Qxb8 30. Rxb8 Ne4 31. Bd3 f5 32. Rxb5 Rc3 33. Bxe4 fxe4 34.
Rb4 Kg6 35. g4 Kf6 36. Rxe4 Rxb3 37. Kg2 Rb5 38. Kg3 Rb2 39. h4 Rb1 40. h5 Rg1+
41. Kf4 Rg2 42. f3 Ra2 43. Rb4 Ra6 44. e4 Rc6 45. Rb5 Rc3 46. Rf5+ Ke7 47. g5
hxg5+ 48. Kxg5 Rc1 49. Kg6 Rg1+ 50. Rg5 Rf1 51. Re5+ Kf8 52. Rf5+ Kg8 53. Kg5
Rg1+ 54. Kf4 Kh7 55. e5 Re1 56. Rf8 g6 57. hxg6+ Kxg6 58. Rf6+ Kg7 59. Kf5 Re3
60. f4 Re1 61. e6 Re2 62. Rf7+ Kg8 63. Kf6 Re4 64. f5 Ra4 65. Rg7+ Kf8 66. e7+
Ke8 67. Rg8+ 1-0

[Event "Euro Online U2300 Day 1"]
[Site "chess.com INT"]
[Date "2020.05.25"]
[Round "3"]
[White "Johansson, Carl Fredrik"]
[Black "Santos, Luis"]
[Result "0-1"]
[WhiteTitle "CM"]
[BlackTitle "IM"]
[WhiteElo "2205"]
[BlackElo "2269"]
[WhiteFideId "1701576"]
[BlackFideId "1900056"]
[EventDate "2020.05.25"]

1. d4 c5 2. d5 g6 3. c4 e5 4. h4 h5 5. Nc3 d6 6. Bg5 f6 7. Bd2 Bh6 8. e3 f5 9.
Nf3 e4 10. Ng5 Bxg5 11. hxg5 Qxg5 12. Qa4+ Bd7 13. Qb3 b6 14. Nb5 Bxb5 15. Qxb5+
Nd7 16. Qc6 Rd8 17. Qxd6 Qf6 18. Qxf6 Ngxf6 19. Bc3 Kf7 20. Be2 Rde8 21. O-O-O
Ne5 22. Kc2 Rhf8 23. a3 Re7 24. b4 Rc8 25. bxc5 bxc5 26. Rb1 Ne8 27. f4 exf3 28.
gxf3 Nd6 29. Bxe5 Rxe5 30. Rb3 Rce8 31. Kd2 Kf6 32. f4 Re4 33. Rc1 h4 34. Bf3
Rxc4 35. Rxc4 Nxc4+ 36. Ke2 Nd6 37. Rc3 c4 38. Rc1 Rb8 39. Rc2 Rb3 40. Ra2 h3
41. a4 g5 42. fxg5+ Kxg5 43. Kf2 Kh4 44. a5 c3 45. Bd1 Rb2+ 46. Rxb2 cxb2 47.
Bc2 h2 48. Kg2 h1=Q+ 49. Kxh1 Kg3 50. Kg1 Kf3 51. Kf1 Kxe3 52. Ke1 f4 0-1

[Event "Euro Online U2300 Day 1"]
[Site "chess.com INT"]
[Date "2020.05.25"]
[Round "3"]
[White "Evans, Kevin"]
[Black "Golubenko, Valentina"]
[Result "0-1"]
[BlackTitle "WGM"]
[WhiteElo "2081"]
[BlackElo "2209"]
[WhiteFideId "1801686"]
[BlackFideId "4501993"]
[EventDate "2020.05.25"]

1. Nf3 g6 2. g3 Bg7 3. Bg2 c5 4. O-O Nc6 5. d3 Nf6 6. e4 d6 7. Nc3 O-O 8. h3 Bd7
9. Be3 a6 10. Qd2 b5 11. Nh4 b4 12. Nd1 e5 13. f4 Nh5 14. Qf2 exf4 15. gxf4 Nd4
16. Nf3 Ne6 17. f5 Nef4 18. Nh2 Nxg2 19. Qxg2 Kh8 20. Ng4 gxf5 21. exf5 Rg8 22.
Qf3 Be5 23. Rf2 Qe8 24. Rg2 Bc6 0-1

[Event "Euro Online U2300 Day 1"]
[Site "chess.com INT"]
[Date "2020.05.25"]
[Round "3"]
[White "Papakonstantinou, Dimitrios1"]
[Black "Nareks, Matic"]
[Result "1-0"]
[WhiteElo "2250"]
[BlackElo "2015"]
[WhiteFideId "4218655"]
[BlackFideId "14629526"]
[EventDate "2020.05.25"]

1. e4 c5 2. Nf3 Nc6 3. d4 cxd4 4. Nxd4 g6 5. c4 Nf6 6. Nc3 Nxd4 7. Qxd4 d6 8.
Be3 Bg7 9. f3 O-O 10. Qd2 a5 11. Be2 a4 12. O-O Qa5 13. Rab1 Be6 14. Rfc1 Rfc8
15. b4 axb3 16. axb3 Nd7 17. b4 Qa3 18. Nd5 Bxd5 19. cxd5 Bc3 20. Qc2 Nf8 21.
Rb3 Bxb4 22. Rxa3 Rxc2 23. Rxa8 Rxe2 24. Bh6 Bc5+ 25. Rxc5 dxc5 26. Rxf8# 1-0

[Event "Euro Online U2300 Day 1"]
[Site "chess.com INT"]
[Date "2020.05.25"]
[Round "3"]
[White "Saveliev, Alexei"]
[Black "Adamczewski, Maciej"]
[Result "1-0"]
[WhiteTitle "IM"]
[WhiteElo "2352"]
[BlackElo "2045"]
[WhiteFideId "24128546"]
[BlackFideId "1148702"]
[EventDate "2020.05.25"]

1. e4 e6 2. d4 d5 3. Nc3 Nf6 4. e5 Nfd7 5. f4 c5 6. Nf3 Nc6 7. Be3 Be7 8. dxc5
Qa5 9. a3 Bxc5 10. b4 Nxb4 11. axb4 Qxb4 12. Qd2 O-O 13. Bxc5 Nxc5 14. Bd3 Bd7
15. Rb1 Qa5 16. O-O Rfc8 17. Ra1 Qb6 18. Kh1 a6 19. f5 Qd8 20. f6 Nxd3 21. cxd3
Qf8 22. fxg7 Qxg7 23. Ne2 d4 24. Nexd4 Rc5 25. Qb4 Rac8 26. Qxb7 Bb5 27. Nxb5
axb5 28. Ra8 1-0

[Event "Euro Online U2300 Day 1"]
[Site "chess.com INT"]
[Date "2020.05.25"]
[Round "3"]
[White "Lebediantsev, Ruslan"]
[Black "Hasanagic, Anel"]
[Result "1/2-1/2"]
[BlackTitle "CM"]
[WhiteElo "2075"]
[BlackElo "2235"]
[WhiteFideId "24135755"]
[BlackFideId "14605791"]
[EventDate "2020.05.25"]

1. e4 c6 2. d4 d5 3. exd5 cxd5 4. Bd3 Nf6 5. c3 Nc6 6. Bf4 g6 7. Nf3 Bg7 8. h3
O-O 9. O-O Bf5 10. Bxf5 gxf5 11. Qb3 b6 12. Nbd2 Ne4 13. Rad1 e6 14. Ne1 Qh4 15.
Bh2 Kh8 16. Qb5 Rac8 17. Qe2 Rg8 18. Kh1 Bf6 19. Nxe4 Qxe4 20. Qxe4 dxe4 21. f3
exf3 22. Rxf3 Kg7 23. Nd3 Rgd8 24. g4 fxg4 25. hxg4 Bg5 26. Rdf1 1/2-1/2

[Event "Euro Online U2300 Day 1"]
[Site "chess.com INT"]
[Date "2020.05.25"]
[Round "3"]
[White "Sivan, Yaacov"]
[Black "Zpevakova, Jana"]
[Result "1-0"]
[WhiteTitle "IM"]
[BlackTitle "WFM"]
[WhiteElo "2312"]
[BlackElo "2106"]
[WhiteFideId "2800730"]
[BlackFideId "334030"]
[EventDate "2020.05.25"]

1. e4 c6 2. d4 d5 3. exd5 cxd5 4. c4 Nf6 5. Nc3 Nc6 6. Nf3 e6 7. c5 Be7 8. Bb5
Bd7 9. O-O O-O 10. Bf4 b6 11. Bxc6 Bxc6 12. Ne5 Rc8 13. b4 a5 14. b5 Be8 15. c6
Bb4 16. Rc1 Bxc3 17. Rxc3 Ne4 18. Rc1 f6 19. Nd3 Nd6 20. a4 Bg6 21. Re1 Re8 22.
f3 Nc4 23. Qb3 Qe7 24. Nb2 Qa3 25. Qxa3 Nxa3 26. Re2 Bf7 27. Bd6 Nc4 28. Nxc4
dxc4 29. Rxc4 e5 30. Rc1 exd4 31. Rxe8+ Rxe8 32. Rd1 1-0

[Event "Euro Online U2300 Day 1"]
[Site "chess.com INT"]
[Date "2020.05.25"]
[Round "3"]
[White "Sieber, Fiona"]
[Black "Hansch, Karsten"]
[Result "0-1"]
[WhiteTitle "WIM"]
[BlackTitle "FM"]
[WhiteElo "2201"]
[BlackElo "2300"]
[WhiteFideId "12902373"]
[BlackFideId "24692239"]
[EventDate "2020.05.25"]

1. e4 c6 2. d4 d5 3. e5 Bf5 4. Nf3 e6 5. Be2 c5 6. Be3 cxd4 7. Nxd4 Ne7 8. Nd2
Nbc6 9. N2f3 Be4 10. O-O Bxf3 11. Nxf3 Qc7 12. c3 Ng6 13. Bb5 Be7 14. Re1 O-O
15. g3 Ncxe5 16. Nxe5 Nxe5 17. Qh5 Nc4 18. Bxc4 Qxc4 19. Bd4 Qd3 20. Rad1 Qg6
21. Qe2 Rfc8 22. Qb5 Rc7 23. Be5 Rcc8 24. Qxb7 Bc5 25. b4 Bb6 26. a4 Qc2 27. Rf1
Qxa4 28. Qe7 Qc2 29. Kg2 Qe4+ 0-1

[Event "Euro Online U2300 Day 1"]
[Site "chess.com INT"]
[Date "2020.05.25"]
[Round "3"]
[White "Tomilova, Elena"]
[Black "Roque, Gaetan"]
[Result "1-0"]
[WhiteTitle "WGM"]
[WhiteElo "2353"]
[BlackElo "2128"]
[WhiteFideId "4162340"]
[BlackFideId "20666934"]
[EventDate "2020.05.25"]

1. d4 d5 2. Bf4 Nf6 3. e3 c5 4. c3 Nc6 5. Nd2 Bf5 6. Ngf3 e6 7. Qb3 Qb6 8. Qxb6
axb6 9. Bb5 Be7 10. Ne5 Rc8 11. f3 O-O 12. g4 Bg6 13. h4 h5 14. g5 Nh7 15. Nxg6
fxg6 16. Bg3 Rfd8 17. Ke2 Nf8 18. Rhd1 Bd6 19. Bxd6 Rxd6 20. f4 Rdd8 21. Nf3 Rc7
22. a4 Nd7 23. Ra3 Kh7 24. Rda1 Ndb8 25. Bd3 Rf8 26. Bb5 Rd8 27. a5 Nxa5 28.
dxc5 Rxc5 29. Nd4 Nac6 30. Bxc6 Rxc6 31. Nxc6 Nxc6 32. Ra8 Rxa8 33. Rxa8 1-0

[Event "Euro Online U2300 Day 1"]
[Site "chess.com INT"]
[Date "2020.05.25"]
[Round "3"]
[White "Farkas, Lajos Dr."]
[Black "Skuhala, Jernej"]
[Result "0-1"]
[BlackTitle "FM"]
[WhiteElo "2191"]
[BlackElo "2342"]
[WhiteFideId "711390"]
[BlackFideId "14605651"]
[EventDate "2020.05.25"]

1. d4 Nf6 2. c4 e6 3. Nc3 Bb4 4. Qc2 c5 5. dxc5 O-O 6. Nf3 Na6 7. Bg5 Nxc5 8. e3
h6 9. Bh4 Nce4 10. Bd3 Nxc3 11. bxc3 Be7 12. O-O b6 13. Nd4 Bb7 14. Rfd1 Rc8 15.
a4 Ng4 16. Bg3 Bf6 17. Nb5 Be5 18. Nxa7 Ra8 19. Nb5 Bxg3 20. hxg3 Qg5 21. Be4
Bxe4 22. Qxe4 Qh5 23. Nd4 Qh1+ 24. Kxh1 Nxf2+ 25. Kg1 Nxe4 26. Nb5 Nc5 27. Kf2
Rfc8 28. Rd6 Rxa4 29. Rxa4 Nxa4 30. Rxd7 Nc5 31. Nd6 Nxd7 32. Nxc8 Kf8 33. Ke2
Ke8 34. Kd3 Kd8 35. Na7 Kc7 36. Kd4 Nc5 37. Nb5+ Kd7 38. e4 f6 39. e5 f5 40. Nd6
Nb3+ 41. Ke3 Na5 42. Kf4 g5+ 43. Ke3 Nc6 44. Nf7 Ke7 45. Nxh6 Nxe5 46. Kd4 Nc6+
47. Ke3 Kf6 48. g4 Kg6 49. gxf5+ exf5 50. c5 bxc5 51. Nxf5 Kxf5 52. Kd3 Ne5+ 53.
Ke3 g4 54. g3 Kf6 55. Ke4 Ke6 56. Kf4 Kd5 57. Kf5 c4 58. Kf4 Nd7 59. Kxg4 Ke4
60. Kh5 Ne5 61. Kg5 Nf3+ 62. Kf6 Kd3 0-1

[Event "Euro Online U2300 Day 1"]
[Site "chess.com INT"]
[Date "2020.05.25"]
[Round "3"]
[White "Astafurov, Arseniy"]
[Black "Deuer, Marius"]
[Result "1-0"]
[WhiteTitle "FM"]
[WhiteElo "2330"]
[BlackElo "2122"]
[WhiteFideId "24175218"]
[BlackFideId "16236432"]
[EventDate "2020.05.25"]

1. c4 Nf6 2. Nf3 c5 3. Nc3 d5 4. cxd5 Nxd5 5. e3 Nxc3 6. bxc3 g6 7. Bb5+ Bd7 8.
Be2 Bg7 9. O-O O-O 10. a4 Qc7 11. Ba3 Rd8 12. Qb3 Be6 13. Bc4 Bxc4 14. Qxc4 b6
15. d4 Nd7 16. e4 Rac8 17. e5 Qb7 18. e6 cxd4 19. exf7+ Kh8 20. Qe2 dxc3 21.
Bxe7 Nc5 22. Bxd8 Rxd8 23. Qe8+ 1-0

[Event "Euro Online U2300 Day 1"]
[Site "chess.com INT"]
[Date "2020.05.25"]
[Round "3"]
[White "Mekhane, Adam"]
[Black "Lederman, Leon"]
[Result "1-0"]
[BlackTitle "IM"]
[WhiteElo "2013"]
[BlackElo "2241"]
[WhiteFideId "36050601"]
[BlackFideId "2800403"]
[EventDate "2020.05.25"]

1. e4 c5 2. Nf3 d6 3. d4 cxd4 4. Nxd4 Nf6 5. Nc3 a6 6. Bg5 Nbd7 7. f3 b5 8. a3
Bb7 9. Qd2 Rc8 10. O-O-O e6 11. h4 Be7 12. g4 Qa5 13. Kb1 Ne5 14. Bxf6 Bxf6 15.
g5 Be7 16. f4 Nc4 17. Bxc4 Rxc4 18. f5 e5 19. Nde2 b4 20. axb4 Rxb4 21. f6 Qa3
22. b3 gxf6 23. gxf6 Bf8 24. Nd5 Rxe4 25. Qc3 Qc5 26. Qxc5 dxc5 27. Nc7# 1-0

[Event "Euro Online U2300 Day 1"]
[Site "chess.com INT"]
[Date "2020.05.25"]
[Round "3"]
[White "Shtyka, Sergey"]
[Black "Reshetniak, Vitaliy"]
[Result "0-1"]
[WhiteTitle "FM"]
[WhiteElo "2175"]
[BlackElo "2026"]
[WhiteFideId "4138465"]
[BlackFideId "14125250"]
[EventDate "2020.05.25"]

1. e4 c5 2. Nf3 e6 3. d4 cxd4 4. Nxd4 a6 5. Nc3 b5 6. Bd3 Qb6 7. Nb3 Qc7 8. O-O
Nf6 9. f4 b4 10. Ne2 Bb7 11. Ng3 h5 12. Qf3 Nc6 13. h3 h4 14. Ne2 Rd8 15. Be3 d5
16. exd5 Nxd5 17. Bf2 g5 18. Be4 gxf4 19. Bxd5 Rxd5 20. Nxf4 Rf5 21. Be3 Rg8 22.
Rf2 Bd6 23. Raf1 Ne5 24. Qe2 Nc4 25. Nd4 Nxe3 26. Nxf5 Nxf5 27. Nxe6 Bh2+ 28.
Kh1 Ng3+ 29. Kxh2 Nxf1+ 30. Kg1 Qh2+ 31. Kxf1 Qh1# 0-1

[Event "Euro Online U2300 Day 1"]
[Site "chess.com INT"]
[Date "2020.05.25"]
[Round "3"]
[White "Laptii, Nazar"]
[Black "Thanke, Bror"]
[Result "1-0"]
[WhiteElo "2180"]
[BlackElo "2164"]
[WhiteFideId "14174332"]
[BlackFideId "1502360"]
[EventDate "2020.05.25"]

1. e4 c5 2. d4 e6 3. d5 d6 4. c4 e5 5. Nc3 g6 6. g3 Bg7 7. Bg2 a6 8. Nge2 Ne7 9.
O-O f5 10. Be3 O-O 11. Qd2 Nd7 12. a3 Nf6 13. f3 Nh5 14. b4 b6 15. bxc5 bxc5 16.
Rab1 f4 17. Bf2 g5 18. g4 Nf6 19. h3 h5 20. Rb2 Qe8 21. Rb6 hxg4 22. hxg4 Qd8
23. Rfb1 Ne8 24. Nc1 Rf6 25. Nd3 Rh6 26. Na4 Ng6 27. Naxc5 dxc5 28. Bxc5 Nh4 29.
Rxh6 Bxh6 30. Nxe5 Qc7 31. Nc6 Bf8 32. Bxf8 Kxf8 33. Qd4 Bd7 34. Qh8+ Kf7 35.
Qh5+ Kg7 36. Qxg5+ Ng6 37. Nd4 Qc5 38. Rd1 Nd6 39. e5 Nxc4 40. Qf6+ Kh7 41. Qf7+
Kh6 42. Kf2 Ncxe5 43. Rh1+ Kg5 44. Rh5# 1-0

[Event "Euro Online U2300 Day 1"]
[Site "chess.com INT"]
[Date "2020.05.25"]
[Round "3"]
[White "Skuhala, Barbara"]
[Black "Prigodin, Ruslan"]
[Result "0-1"]
[WhiteTitle "WFM"]
[WhiteElo "2095"]
[BlackElo "2036"]
[WhiteFideId "14605465"]
[BlackFideId "12801550"]
[EventDate "2020.05.25"]

1. e4 c6 2. d4 d5 3. f3 e6 4. Nc3 Bb4 5. a3 Ba5 6. Ne2 Nf6 7. Ng3 O-O 8. Be2 c5
9. Bd2 cxd4 10. Nb5 dxe4 11. fxe4 e5 12. Bxa5 Qxa5+ 13. Qd2 Qxd2+ 14. Kxd2 Nc6
15. c3 Bg4 16. cxd4 Bxe2 17. Kxe2 exd4 18. Rad1 Rad8 19. a4 Rfe8 20. Kf3 h5 21.
Rhe1 a6 22. Na3 g6 23. b3 h4 24. Nf1 Ne5+ 25. Kf4 Kg7 26. Nd2 Nh5+ 27. Kg5 f6+
28. Kxh4 g5+ 29. Kh3 Rh8 30. Ndc4 g4+ 31. Kh4 g3 32. Nxe5 fxe5 33. hxg3 Nf6+ 34.
Kg5 Rh5# 0-1

[Event "Euro Online U2300 Day 1"]
[Site "chess.com INT"]
[Date "2020.05.25"]
[Round "3"]
[White "Frick, Christoph"]
[Black "Grela, Kacper"]
[Result "0-1"]
[WhiteTitle "FM"]
[BlackTitle "FM"]
[WhiteElo "2101"]
[BlackElo "2377"]
[WhiteFideId "4607090"]
[BlackFideId "1154141"]
[EventDate "2020.05.25"]

1. d4 Nf6 2. Bf4 d5 3. e3 c5 4. dxc5 e6 5. b4 a5 6. c3 Na6 7. Qb3 axb4 8. cxb4
Ne4 9. Nf3 Be7 10. a4 O-O 11. Na3 b6 12. Bxa6 Bxa6 13. cxb6 Qxb6 14. b5 Qa5+ 15.
Kf1 Bxa3 16. Rxa3 Bxb5+ 17. Kg1 Bxa4 18. Qd3 Bb5 19. Rxa5 Bxd3 20. Rxa8 Rxa8 21.
g4 Ra2 22. Bg3 Nxg3 23. hxg3 Be4 24. Kg2 g6 25. g5 d4 26. Re1 d3 27. g4 Ra5 28.
Kg3 Bxf3 29. Kxf3 Rxg5 30. Rd1 Rd5 31. e4 Rd8 32. Ke3 Kg7 33. e5 d2 34. g5 h5
35. gxh6+ Kxh6 36. f4 g5 37. fxg5+ Kxg5 38. Ke4 Kg4 39. Rg1+ Kh3 40. Rd1 Kg3 41.
Ke3 Rd5 42. Rg1+ Kh2 43. Rd1 Rxe5+ 44. Kf3 Rd5 45. Kf4 Kg2 46. Ke3 f6 47. Ke4
Kf2 48. Rh1 f5+ 49. Kf4 d1=Q 50. Rh2+ Ke1 0-1